000 00659nam a2200229Ia 4500
003 OSt
005 20220923220822.0
006 a|||||r|||| 00| 0
007 ta
008 220922b |||||||| |||| 00| 0 hin d
024 _a190,872
037 _cTextual
040 _aARTS
_cARTS
_bhin
041 _2hin
_ahin
082 _aR65, 152H9
100 _aशर्मा, चन्द्रघर
245 0 _aबौद्ध दर्शन और वेदान्त
246 _aBauddha darshan aur vedānta
260 _c1949
942 _hR65, 152H9
_cTEXL
_2CC
999 _c343598
_d343598